banner koha

Comungar é partilhar : (Registro n. 9274)

MARC details
000 -LÍDER
Campo de controle fixo 00617nam a2200241 4500
001 - NÚMERO DE CONTROLE
Número de controle BS2023000096
003 - CÓDIGO MARC DA AGÊNCIA CATALOGADORA
Campo de controle BR-BrBNA
005 - DATA E HORA DA ÚLTIMA ATUALIZAÇÃO
Campo de controle 20230726111245.0
008 - CAMPO DE TAMANHO FIXO
Campo fixo de controle 230531b1982 bl.||||| |||| 00| 0 por d
040 ## - FONTE DA CATALOGAÇÃO
Agência catalogadora BR-BrBNA
Idioma da catalogação por.
041 ## - CÓDIGO DO IDIOMA
Código do Idioma por.
072 ## - CATEGORIA DE CLASSIFICAÇÃO
Código da categoria de assunto B59
100 ## - ENTRADA PRINCIPAL - NOME PESSOAL
Nome pessoal Broshuis, Inês
245 ## - TÍTULO PRINCIPAL
Título principal Comungar é partilhar :
Subtítulo Manual do Catequista /
Indicação de responsabilidade Inês Broshuis.
260 ## - IMPRENTA (PUBLICAÇÃO, DISTRIBUIÇÃO, ETC.)
Lugar de publicação, distribuição, etc. São Paulo - SP :
Nome do editor, distribuidor, etc. Edições Paulinas,
Data de publicação, distribuição, etc 1982
300 ## - DESCRIÇÃO FÍSICA
Extensão 190 p.
650 ## - ASSUNTO
Cabeçalho tópico ou nome geográfico CATOLICISMO
650 ## - ASSUNTO
Cabeçalho tópico ou nome geográfico ORAÇÃO
650 ## - ASSUNTO
Cabeçalho tópico ou nome geográfico RELIGIÃO
909 ## - IDENTIFICAÇÃO DO CATALOGADOR
Ano e mês da catalogação (aaaamm) 202305
Identificação do catalogador Maria Neves
942 ## - TIPO ESPECÍFICO
Tipo de material Livros
Exemplares
Status de empréstimo Fonte de classificação Status de danificação Não pode ser emprestado Código da coleção Localização permanente Localização atual Total Checkouts Número de chamada Código de barras Date last seen Tipo de material Perdido Data de aquisição Fonte de aquisição Qualificador de localização codificada Preço Número de inventário Preço para reposição Preço efetivo a partir de
  Classificação AGRIS     Acervo Cultural Biblioteca Nacional de Agricultura - Binagri Biblioteca Nacional de Agricultura - Binagri   B59 BS2023000096 2023-435694 31/05/2023 Livros                

BINAGRI

Telefone: (61)3218-2567/2388/3357/2097 - binagri@agro.gov.br

Ministério da Agricultura e Pecuária , Esplanada dos Ministérios, Bloco D, Anexo B, Brasília/DF, CEP: 70.043-900